Learning Resource and Development

Fluid power pumps and motors (Record no. 488)

MARC details
000 -LEADER
fixed length control field 00843nam a22002657a 4500
005 - DATE AND TIME OF LATEST TRANSACTION
control field 20230512123154.0
008 - FIXED-LENGTH DATA ELEMENTS--GENERAL INFORMATION
fixed length control field 180112t xxu||||| |||| 00| 0 eng d
020 ## - INTERNATIONAL STANDARD BOOK NUMBER
International Standard Book Number 9780071812207
040 ## - CATALOGING SOURCE
Transcribing agency CSPC
082 0# - DEWEY DECIMAL CLASSIFICATION NUMBER
Classification number 621.252
Item number M317f
100 ## - MAIN ENTRY--PERSONAL NAME
Personal name Manring, Noah D.,
Relator term author.
245 00 - TITLE STATEMENT
Title Fluid power pumps and motors
Remainder of title analysis, design, and control/
Statement of responsibility, etc. Noah D. Manring
260 ## - PUBLICATION, DISTRIBUTION, ETC.
Place of publication, distribution, etc. New York :
Name of publisher, distributor, etc. McGraw-Hill ;
Date of publication, distribution, etc. 2013.
300 ## - PHYSICAL DESCRIPTION
Extent xvi, 304 pages :
Other physical details figures, tables ;
Dimensions 22 cm.
500 ## - GENERAL NOTE
General note Includes Index.
504 ## - BIBLIOGRAPHY, ETC. NOTE
Bibliography, etc. note Includes Bibliography (297-300 pages).
650 10 - SUBJECT ADDED ENTRY--TOPICAL TERM
Topical term or geographic name entry element Pumping machinery.
650 10 - SUBJECT ADDED ENTRY--TOPICAL TERM
Topical term or geographic name entry element Fluid power technology.
650 10 - SUBJECT ADDED ENTRY--TOPICAL TERM
Topical term or geographic name entry element Pistons.
650 10 - SUBJECT ADDED ENTRY--TOPICAL TERM
Topical term or geographic name entry element Axial flow.
650 10 - SUBJECT ADDED ENTRY--TOPICAL TERM
Topical term or geographic name entry element Hydrostatics.
942 ## - ADDED ENTRY ELEMENTS (KOHA)
Koha item type
-- ENG 621.252 M317f 2013
Holdings
Withdrawn status Lost status Damaged status Not for loan Home library Current library Shelving location Date acquired Total Checkouts Full call number Barcode Date last seen Copy number Price effective from Koha item type
        Main Library Main Library Engineering Section 05/12/2023   ENG 621.252 M317f 2013 015450 05/12/2023 1-1 05/12/2023 Books